00835pam a2200253 a 45000010008000000030004000080050017000120080041000290100017000700200018000870400018001050500022001230820021001451000028001662450071001942600041002653000032003065000020003386500022003586500014003807000027003948560086004218560074005074907958OSt20211018113033.0940927s1995 caua 001 0 eng  a 94038932  a9780122829703 aDLCcDLCdDLC00aQA184b.G525 199500a512.5220bGIL/L1 aGilbert, Jimmie,d1934-10aLinear algebra and matrix theory /cJimmie Gilbert, Linda Gilbert. aSan Diego :bAcademic Press,cc1995. ax, 394 p. :bill. ;c25 cm. aIncludes index. 0aAlgebras, Linear. 0aMatrices.1 aGilbert, Linda,d1948-423Publisher descriptionuhttp://www.loc.gov/catdir/description/els032/94038932.html413Table of contentsuhttp://www.loc.gov/catdir/toc/els032/94038932.html